1829 1503 1601 1433 1213 1512 1705 1395 1926 1352 1140 1800 1514 1644 1645 1835 1426 1651 1479 1541 1680 1600 1832 1800 1499 1890 1840 1831 1606 1914 1631 1725 1086 1084 1459 1257 1679 1523 1852 1267 1475 1990 1846 1668 1294 1703 1330 1984 1804 1981 1694 1402 1094 1883 1249 1297 1306 1038 1107 1604 1288 1327 1735 1033 1379 1803 1252 1445 1130 1292 1477 1103 1876 1935 1849 1384 1846 1754 1022 1120 1802 1474 1127 1400 1247 1638 1281 1508 1884 1140 1982 1869 1236 1408 1410 1660 1450 1265 1053 BCNSPRNW ULIB Ver.6.0+V

เปลี่ยนเป็นภาษาไทย

Change to English
 แสดงรายละเอียดบรรณานุกรม
  กลับหน้าหลัก

Brief Record : Get Marc (ISO 2709) : E-mail record : QR code < ปิดหน้าต่าง
LEADER : 00000nam 2200000uu 4500
001    13399126839
003     ULIB
008    020711s2560 th a 000 0 tha d
060    วจ^aWB176^bจ631ก
100    ^aจุฑารัตน์ สว่างชัย และศรีสุดา งามขำ
245    ^aการศึกษาความปวดของผู้ป่วยหลังผ่าตัดช่องท้องโรงพยาบาลสวรรค์ประชารักษ์ : A Study of Pain in Patients After Abdominal Surgery, Sawanprarak Hospital.
260    ^aนครสวรรค์ :^bวิทยาลัยพยาบาลบรมราชชนนีสวรรค์ประชารักษ์ นครสวรรค์,^c2560
300    ^a44 หน้า;^b30 ซม.
650    ^aความปวด^xผ่าตัด
710    ^aวิทยาลัยพยาบาลบรมราชชนนี สวรรค์ประชารักษ์ นครสวรรค์ สถาบันพระบรมราชชนก สำนักงานปลัดกระทรวงสาธารณสุข
945    ^p0^l0^i005498
999    ^aประนอม เกษจรัล
รายการนี้ยังไม่มีแท็ก
คุณยังไม่ได้ล็อกอิน คุณสามารถมีกิจกรรมร่วมกับเว็บไซต์ได้ แต่ต้องล็อกอินก่อน ::
  ล็อกอิน

รายการสื่อสารสนเทศ

ลำดับที่ ประเภท เลขเรียก/บาร์โค้ด สถานที่ สถานะ
1. วิทยาศาสตร์การแพทย์ และสุขภาพ
วิทยาศาสตร์การแพทย์ และสุขภาพ
วจ WB176 จ631ก ฉ.1 
  Barcode: 005498
ห้องสมุดวิทยาเขตสวรรค์ประชารักษ์
►หนังสือทั่วไป
บนชั้น

BibComment


ยังไม่เคยถูกคอมเมนท์

คอมเมนท์ทรัพยากรรายการนี้
  คอมเมนท์: การศึกษาความปวดข..


 Copyright 2026. Bcnsprnw @Library